Click the Sitcom by Theme Song Lyric - Statistics

General Stats
  • This quiz has been taken 139 times
  • The average score is 11 of 20
Answer Stats
Hint Answer % Correct
Math, science, history, unraveling the mysteries The Big Bang Theory
90%
It's like you're always stuck in second gear Friends
80%
On the playground is where I spent most of my days. Fresh Prince
78%
You wanna go where people know people are all the same
Cheers
74%
The mate was a mighty sailin' man Gilligan's Island
72%
But I don't know what to do with those tossed salads and scrambled eggs Frasier
65%
Come and listen to my story about a man named Jed The Beverly Hillbillies
60%
That's the way we became... The Brady Bunch
59%
Now, the world don't move to the beat of just one drum Diff'rent Strokes
57%
Schlemiel! Schlimazel! Hasenpfeffer Incorporated! Laverne & Shirley
57%
If I can hand it in tomorrow it will be alright Saved by the Bell
57%
We finally got a piece of the pie. The Jeffersons
54%
What ever happened to predictability? Full House
49%
Mister we could use a man like Herbert Hoover again All in the Family
48%
Try, try, try to separate them, It's an illusion.
Married... with Children
42%
I bet we've been together for a million years Family Ties
33%
Love is all around, no need to waste it
The Mary Tyler Moore Show
32%
Well then there must be some magic clue inside these gentle walls Family Matters
30%
Baby, if you've ever wondered, wondered whatever became of me
WKRP in Cincinnati
28%
Show me that smile again Growing Pains
27%
No matching quizzes found
Score Distribution
Percent of People with Each Score
Percentile by Number Answered
Your Score History
You have not taken this quiz